000 00299nam a22001337a 4500
008 170502b xxu||||| |||| 00| 0 eng d
020 _a9780135540800
041 _aeng
080 _a34
100 _a13
101 _aSHJ
245 _aMULTICULTURAL LAW ENFORCEMENT
_cSHUSTA, R.M
942 _2udc
_cBK
999 _c12343
_d12343